| 000 | 02321nab a2200397 i 4500 | ||
|---|---|---|---|
| 001 | ELB8323 | ||
| 003 | FINmELB | ||
| 005 | 20250326042929.0 | ||
| 006 | m o u | ||
| 007 | cr cn||||||||| | ||
| 008 | 230524c20019999mx fr p o 0 0spa d | ||
| 022 | _a0188-7742 | ||
| 035 | _a(OCoLC)1385417881 | ||
| 040 |
_aFINmELB _bspa _erda _cFINmELB |
||
| 050 | 4 |
_aF1236 _b.C655 2001 |
|
| 080 | _a32(045) | ||
| 082 | 0 | 4 |
_a972.06305 _223 |
| 100 | 1 |
_aColin, Marie-Odette, _eautor. |
|
| 245 | 1 | 3 |
_aLa cooperación académica y científica como dimensión de la política exterior / _cMarie-Odette Colin. |
| 264 | 1 |
_aCiudad de México : _bUniversidad Autónoma Metropolitana, Unidad Xochimilco, División de Ciencias Sociales y Humanidades, Departamento de Política y Cultura, _c2001. |
|
| 310 | _aSemestral | ||
| 336 |
_atexto _btxt _2rdacontent/spa |
||
| 337 |
_acomputadora _bc _2rdamedia/spa |
||
| 338 |
_arecurso en línea _bcr _2rdacarrier/spa |
||
| 520 | _aUno de los aspectos relevantes de las Relaciones Internacionales es el fenómeno de la cooperación que los gobiernos, los organismos internacionales y algunas entidades privadas otorgan a otros países, instituciones o grupos menos favorecidos, para contribuir a su desarrollo. En el presente artículo, se establecerá una relación entre la cooperación académica y científica, como un aspecto de la política exterior interna de cada país, así como con su perfil en la escena internacional. | ||
| 588 | _aDescripción basada en metadatos suministrados por el editor y otras fuentes. | ||
| 588 | _aDescripción basada en Política y cultura, n. 15 (primavera 2001), P. 27 sin numerar. | ||
| 590 | _aRecurso electrónico. Santa Fe, Arg.: elibro, 2023. Disponible vía World Wide Web. El acceso puede estar limitado para las bibliotecas afiliadas a elibro. | ||
| 650 | 4 | _aCooperación. | |
| 650 | 4 | _aPolítica exterior. | |
| 650 | 4 | _aRelaciones Internacionales. | |
| 655 | 4 | _aLibros electrónicos. | |
| 773 | 0 |
_tPolítica y cultura. _xISSN0188-7742 _dCiudad de México : Universidad Autónoma Metropolitana, Unidad Xochimilco, División de Ciencias Sociales y Humanidades, Departamento de Política y Cultura. _gn. 15 (primavera 2001), p. 27 sin numerar |
|
| 797 | 2 | _aelibro, Corp. | |
| 856 | 4 | 0 | _uhttps://elibro.net/ereader/usam/8323 |
| 999 |
_c137536 _d137536 |
||